Athletes Who Wore #10 - Statistics

General Stats
  • This quiz has been taken 127 times
  • The average score is 8 of 20
Answer Stats
Team Years Player % Correct
Barcelona 2009-2021 Lionel Messi
85%
Brazil National Football Team 1958-1970 Pele
64%
New York Giants 2004-2019 Eli Manning
63%
Kansas City Chiefs 2016-2022 Tyreek Hill
59%
Los Angeles Chargers 2020- Justin Herbert
58%
Michigan Football 1995-1999 Tom Brady
55%
Argentina National Football Team 1982-1994 Diego Maradona
51%
New England Patriots 2021- Mac Jones
50%
Paris Saint-Germain 2017- Neymar
50%
USA Men's Basketball Team 2008, 2012 Kobe Bryant
45%
Toronto Raptors 2010-2018 DeMar DeRozan
43%
Manchester United 2007-2018 Wayne Rooney
39%
Atlanta Braves 1995-2012 Chipper Jones
38%
Houston Texans 2013-2019 DeAndre Hopkins
33%
New York Knicks 1968-1977 Walt Frazier
30%
Minnesota Vikings 1961-1978 Fran Tarkenton
29%
Montreal Canadiens 1971-1985 Guy LaFleur
19%
New York Rangers 2019- Artemi Panarin
18%
Chicago Cubs 1960-1973 Ron Santo
13%
India National Cricket Team 2005-2014 Sachin Tendulkar
5%
No matching quizzes found
Score Distribution
Percent of People with Each Score
Percentile by Number Answered
Your Score History
You have not taken this quiz